| 000 | 00985nam a22003257a 4500 | ||
|---|---|---|---|
| 003 | CHAP | ||
| 005 | 20220329133922.0 | ||
| 008 | 971013s1986 r 00010 d | ||
| 010 | _a12681 | ||
| 011 | _a13653 | ||
| 035 | _a17725 | ||
| 040 | _cCHAP | ||
| 082 |
_a320 _bH3Y |
||
| 100 | 0 | 0 |
_aHayek, Friedrich A. _953175 |
| 245 | _aCamino de servidumbre | ||
| 260 |
_aSan José : _bUniversidad Autónoma de Centro América, _c1986 |
||
| 300 | _a298 p. | ||
| 490 | _aClásicos de la democracia | ||
| 590 |
_aBATCH-UPD _b10 _c20130110 _lUCH01 _h1741 |
||
| 590 |
_aBATCH-UPD _b10 _c20130410 _lUCH01 _h1120 |
||
| 590 |
_aBATCH-UPD _b10 _c20130914 _lUCH01 _h0937 |
||
| 590 |
_aCONVERSION _b10 _c20130109 _lUCH01 _h1308 |
||
| 650 | 1 | 4 |
_aCiencias políticas. _923206 |
| 650 | 1 | 4 |
_aDemocracia. _931740 |
| 650 | 1 | 4 |
_aEconomía. _935226 |
| 830 | 0 |
_aClásicos de la democracia _923886 |
|
| 901 | _aBK | ||
| 942 | _cLIBRO | ||
| 949 |
_a320 H3Y _bBC _cLIBRO _d33724000303640 _eLIBRO _h69158 _i17725 _mD _si |
||
| 999 |
_c12681 _d12681 |
||